| 000 -LEADER |
| fixed length control field |
00765nam a2200217 a 4500 |
| 020 ## - INTERNATIONAL STANDARD BOOK NUMBER |
| ISBN |
2903326010 : |
| 040 ## - CATALOGING SOURCE |
| Transcribing agency |
DLC |
| 082 00 - DEWEY DECIMAL CLASSIFICATION NUMBER |
| Classification number |
595 CHA 1979 A059 Or. |
| 100 1# - MAIN ENTRY--AUTHOR NAME |
| Personal name |
Chararas, C. |
| 245 10 - TITLE STATEMENT |
| Title |
Ecophysiologie des insectes parasites des forêts : |
| Remainder of title |
influence des conditions écologiques sur les insectes, relations biochimiques plantes-insectes, attraction secondaire et phéromones, nutrition, enzymes digestives et symbiose, coévolution / |
| 260 ## - PUBLICATION, DISTRIBUTION, ETC. (IMPRINT) |
| Place of publication |
Paris : |
| Name of publisher |
C. Chararas, |
| Year of publication |
c1979. |
| 300 ## - PHYSICAL DESCRIPTION |
| Number of Pages |
ii, 297 p. : |
| Other physical details |
ill. ; |
| Dimensions |
22 cm. |
| 650 #0 - SUBJECT ADDED ENTRY--TOPICAL TERM |
| Topical Term |
Forest insects |
| 650 #0 - SUBJECT ADDED ENTRY--TOPICAL TERM |
| Topical Term |
Forest insects |
| 650 #0 - SUBJECT ADDED ENTRY--TOPICAL TERM |
| Topical Term |
Parasitic insects |
| 650 #0 - SUBJECT ADDED ENTRY--TOPICAL TERM |
| Topical Term |
Parasitic insects |
| 650 #0 - SUBJECT ADDED ENTRY--TOPICAL TERM |
| Topical Term |
Insect-plant relationships. |
| 650 #0 - SUBJECT ADDED ENTRY--TOPICAL TERM |
| Topical Term |
Insects |
| 650 #0 - SUBJECT ADDED ENTRY--TOPICAL TERM |
| Topical Term |
Insects |
| 942 ## - ADDED ENTRY ELEMENTS (KOHA) |
| Koha item type |
សៀវភៅភាសាអង់គ្លេស |
| 952 ## - LOCATION AND ITEM INFORMATION (KOHA) |
| Withdrawn status [LOCAL, KOHA] |
0 |